<?xml version="1.0" encoding="UTF-8"?>
<record
    xmlns:xsi="http://www.w3.org/2001/XMLSchema-instance"
    xsi:schemaLocation="http://www.loc.gov/MARC21/slim http://www.loc.gov/standards/marcxml/schema/MARC21slim.xsd"
    xmlns="http://www.loc.gov/MARC21/slim">

  <leader>00845nam a2200157Ia 4500</leader>
  <controlfield tag="008">231217s9999    xx            000 0 und d</controlfield>
  <datafield tag="041" ind1=" " ind2=" ">
    <subfield code="a">English</subfield>
  </datafield>
  <datafield tag="082" ind1=" " ind2=" ">
    <subfield code="a">001.424  SHA;18  R</subfield>
  </datafield>
  <datafield tag="100" ind1=" " ind2=" ">
    <subfield code="a">Sharma, S D.</subfield>
  </datafield>
  <datafield tag="245" ind1=" " ind2="0">
    <subfield code="a">Operations research for honours, post graduate degree and diploma courses of statistics, mathematics, engineering, business management, operational management, marketing and sales management, computer science, commerce, economics, C.A, ICWA, ISI, MBA, IIS</subfield>
  </datafield>
  <datafield tag="250" ind1=" " ind2=" ">
    <subfield code="a">13th ed.</subfield>
  </datafield>
  <datafield tag="260" ind1=" " ind2=" ">
    <subfield code="c">2001</subfield>
    <subfield code="b">Kedarnath, Ramnath</subfield>
    <subfield code="a">Meerut</subfield>
  </datafield>
  <datafield tag="300" ind1=" " ind2=" ">
    <subfield code="a">xxiv, 1206</subfield>
  </datafield>
  <datafield tag="650" ind1=" " ind2=" ">
    <subfield code="a">Operations,honours,,graduate,degree,diploma,courses,statistics,,mathematics,,engineering,,business,management,,operational,management,,marketing,sales,management,,computer,science,,commerce,,economics,,C.A,,ICWA,,ISI,,MBA,,IISC,,civil,IAS</subfield>
  </datafield>
  <datafield tag="942" ind1=" " ind2=" ">
    <subfield code="c">AA</subfield>
  </datafield>
  <datafield tag="999" ind1=" " ind2=" ">
    <subfield code="c">194600</subfield>
    <subfield code="d">194600</subfield>
  </datafield>
  <datafield tag="952" ind1=" " ind2=" ">
    <subfield code="r">2024-01-26 00:00:00</subfield>
    <subfield code="l">0</subfield>
    <subfield code="o">001.424  SHA;18  R</subfield>
    <subfield code="p">85110</subfield>
    <subfield code="v">255.00</subfield>
    <subfield code="w">2024-01-26</subfield>
    <subfield code="y">AA</subfield>
    <subfield code="1">0</subfield>
    <subfield code="4">0</subfield>
    <subfield code="7">0</subfield>
    <subfield code="8">CL</subfield>
    <subfield code="0">0</subfield>
    <subfield code="a">ML</subfield>
    <subfield code="b">ML</subfield>
    <subfield code="c">LA</subfield>
    <subfield code="d">2013-03-26</subfield>
    <subfield code="e">Sapna Book House</subfield>
    <subfield code="g">300.00</subfield>
    <subfield code="E">MCA</subfield>
    <subfield code="K">17284</subfield>
    <subfield code="L">09/09/2019</subfield>
    <subfield code="G">RS</subfield>
    <subfield code="F">1</subfield>
    <subfield code="V">45</subfield>
    <subfield code="W">15</subfield>
  </datafield>
  <datafield tag="952" ind1=" " ind2=" ">
    <subfield code="r">2024-01-26 00:00:00</subfield>
    <subfield code="l">0</subfield>
    <subfield code="o">001.424  SHA;19  R1</subfield>
    <subfield code="p">85111</subfield>
    <subfield code="v">255.00</subfield>
    <subfield code="w">2024-01-26</subfield>
    <subfield code="y">AA</subfield>
    <subfield code="1">0</subfield>
    <subfield code="4">0</subfield>
    <subfield code="7">0</subfield>
    <subfield code="8">CL</subfield>
    <subfield code="0">0</subfield>
    <subfield code="a">ML</subfield>
    <subfield code="b">ML</subfield>
    <subfield code="c">LA</subfield>
    <subfield code="d">2013-03-26</subfield>
    <subfield code="e">Sapna Book House</subfield>
    <subfield code="g">300.00</subfield>
    <subfield code="E">MCA</subfield>
    <subfield code="K">17284</subfield>
    <subfield code="L">09/09/2019</subfield>
    <subfield code="G">RS</subfield>
    <subfield code="F">1</subfield>
    <subfield code="V">45</subfield>
    <subfield code="W">15</subfield>
  </datafield>
</record>
